key to grasshopper food plants based on anatomical features (Registro nro. 12507)

Detalles MARC
000 -CABECERA
Campo de control 005610000a22001930004500
090 ## - CLASIFICACIÓN LOCAL
Colección AR
Consecutivo 03456
041 0# - IDIOMA
Código de idioma para texto/pista de sonido o título separado
100 1# - ASIENTO PRINCIPAL--NOMBRE PERSONAL
Nombre personal Nelson, M. L.
245 10 - MENCION DE TITULO
Título key to grasshopper food plants based on anatomical features
650 14 - ASIENTO SECUNDARIO DE MATERIA - TERMINO TEMATICO
Término temático o nombre geográfico como elemento de entrada Entomología
650 14 - ASIENTO SECUNDARIO DE MATERIA - TERMINO TEMATICO
Término temático o nombre geográfico como elemento de entrada Langostas
650 14 - ASIENTO SECUNDARIO DE MATERIA - TERMINO TEMATICO
Término temático o nombre geográfico como elemento de entrada Morfología animal
650 14 - ASIENTO SECUNDARIO DE MATERIA - TERMINO TEMATICO
Término temático o nombre geográfico como elemento de entrada Selección de comida
650 14 - ASIENTO SECUNDARIO DE MATERIA - TERMINO TEMATICO
Término temático o nombre geográfico como elemento de entrada Botánica
650 14 - ASIENTO SECUNDARIO DE MATERIA - TERMINO TEMATICO
Término temático o nombre geográfico como elemento de entrada Morfología vegetal
700 1# - ASIENTO SECUNDARIO - NOMBRE PERSONAL
Nombre personal Gangwere, S. K.
773 1# - Item fuente:
Título Michigan Botanist
Paginas del Articulo 11-126
Lugar, editorial y fecha de publicación 1981
Información sobre la relación 20
942 ## - ELEMENTOS ADICIONALES (KOHA)
Tipo de ítem Artículo
Existencias
Withdrawn status Lost status Damaged status No para préstamo Colección Ubicación Permanente Ubicación actual Fecha de adquisición Datos de publicación Seriada Total Checkouts Número topográfico Inventario / Código de Barras Date last seen Price effective from Forma de adquisición Tipo de material
      No para Préstamo Hemeroteca Bogotá Bogotá 27/02/2015 Fuera de circulación   AR 03456 014317 25/03/2015 25/03/2015   Artículo